| 000 | 00433nam a2200133Ia 4500 | ||
|---|---|---|---|
| 005 | 20251222154341.0 | ||
| 008 | 251222s9999||||xx |||||||||||||| ||spa|| | ||
| 020 | _a978-950-06-0085-9 | ||
| 082 | _a610.736.2/T18 | ||
| 100 | _a"Tamez, Raquel NacimentoPantoja Silva, María Jones" | ||
| 245 | 0 | _aEnfermeréa en la unidad de cuidados intensivos neonatal: Asistencia del reción nacido de alto riesgo | |
| 250 | _a3ra.ed. | ||
| 942 | _cLIB | ||
| 999 |
_c34549 _d34549 |
||